书目信息 |
| 题名: |
钝感力
|
|
| 作者: | 渡边淳一 著 ;李迎跃 译 | |
| 分册: | ||
| 出版信息: | 上海 上海人民出版社 2007 |
|
| 页数: | 160页 | |
| 开本: | 21cm | |
| 丛书名: | ||
| 单 册: | ||
| 中图分类: | B821-49 , B848.5 , B848.2 | |
| 科图分类: | ||
| 主题词: | 人生哲学--通俗读物 , 个性心理学 , 人格心理学 | |
| 电子资源: | ||
| ISBN: | 978-7-208-07031-8 | |
| 000 | 01015nam0 2200301 450 | |
| 001 | 1564210689 | |
| 005 | 20150125151530.90 | |
| 010 | @a978-7-208-07031-8@dCNY15.00 | |
| 100 | @a20070727d2007 em y0chiy50 ea | |
| 101 | 1 | @achi@cjpn |
| 102 | @aCN@b310000 | |
| 105 | @aa z 000yy | |
| 200 | 1 | @a钝感力@9dun gan li@dThe power of insensitivity@f(日)渡边淳一著@g李迎跃译@zeng |
| 210 | @a上海@c上海人民出版社@d2007 | |
| 215 | @a160页@c照片,图@d21cm | |
| 305 | @a作者独家授权 | |
| 330 | @a“钝感力”是为人处世的态度及人生智慧,本书分章论述了“钝感力”在健康、爱情、婚姻、家庭、事业等诸多方面的表现和作用,并从医学角度出发,阐述其合理性。 | |
| 510 | 1 | @aPower of insensitivity@zeng |
| 606 | 0 | @a人生哲学@j通俗读物 |
| 606 | 0 | @a个性心理学 |
| 606 | 0 | @a人格心理学 |
| 690 | @aB821-49@v5 | |
| 690 | @aB848.5@v4 | |
| 690 | @aB848.2@v4 | |
| 701 | 0 | @c(日)@a渡边淳一@9du bian chun yi@f(1933~2014)@4著 |
| 702 | 0 | @a李迎跃@9li ying yue@4译 |
| 801 | 0 | @aCN@bTSSF@c20150125 |
| 905 | @aZUCC@dB848.2@eJY389 | |
| 钝感力=The power of insensitivity/(日)渡边淳一著/李迎跃译.-上海:上海人民出版社,2007 |
| 160页:照片,图;21cm |
| ISBN 978-7-208-07031-8:CNY15.00 |
| “钝感力”是为人处世的态度及人生智慧,本书分章论述了“钝感力”在健康、爱情、婚姻、家庭、事业等诸多方面的表现和作用,并从医学角度出发,阐述其合理性。 |
| ● |
| 相关链接 |
|
|
|
|
正题名:钝感力
索取号:B848.2/JY389
 
预约/预借
| 序号 | 登录号 | 条形码 | 馆藏地/架位号 | 状态 | 备注 |
| 1 | 7851866 | 278518668 | 学院路分馆/ [索取号:B848.2/JY389] |
已借出,限还日期为2025.09.16 借出人:王茉晗 |
|
| 2 | 7855197 | 278551979 | 学院路分馆/ [索取号:B848.2/JY389] | 在馆 |